[Event "HUN-chT2 Maroczy 1213"]
[Site "Hungary"]
[Date "2013.01.27"]
[Round "6"]
[White "Feher, Gyula"]
[Black "Feher, Adam"]
[Result "1/2-1/2"]
[WhiteElo "2350"]
[BlackElo "2367"]
[PlyCount "61"]
[EventDate "2012.09.16"]
[EventType "team-tourn"]
[EventRounds "11"]
[EventCountry "HUN"]
[SourceTitle "EXT 2014"]
[Source "ChessBase"]
[SourceDate "2013.11.20"]
[SourceVersion "1"]
[SourceVersionDate "2013.11.20"]
[SourceQuality "1"]
[WhiteTeam "Taban Spartacus"]
[BlackTeam "Sarkany"]
[WhiteTeamCountry "HUN"]
[BlackTeamCountry "HUN"]

1. d4 Nf6 2. Nf3 e6 3. g3 d5 4. Bg2 Be7 5. 0-0 0-0 6. c4 c6 7. Qc2 b6 8. Rd1 Ba6 9. b3 Nbd7 10. Bb2 Rc8 11. Nc3 dxc4 12. Nd2 c5 13. dxc5 Bxc5 14. bxc4 Qe7 15. Nce4 Bb4 16. Qa4 Nxe4 17. Nxe4 Nb8 18. Be5 Bxc4 19. a3 Bxe2 20. axb4 Bxd1 21. Rxd1 Rfd8 22. Bd6 Qd7 23. b5 a6 24. Bf1 axb5 25. Nf6+ gxf6 26. Qg4+ Kh8 27. Qf4 Kg7 28. Qg4+ Kh8 29. Qf4 Kg7 30. Qg4+ Kh8 31. Qf4 1/2-1/2